Club de football de ligue 1 - Statistiques

Statistiques générales
  • Ce quiz a été pris 738 fois
  • Le résultat moyen est 12 sur 20
Statistiques - réponses
Hint Réponse % Correct
1 PSG
97%
3 OM
94%
2 OL
88%
5 Rennes
77%
4 Lille
76%
17 Monaco
72%
10 Nice
69%
9 Lens
67%
6 Nantes
66%
7 Bordeaux
65%
16 Strasbourg
59%
13 Brest
51%
20 Metz
49%
12 Lorient
47%
11 Montpellier
46%
18 Reims
45%
14 Angers
42%
19 Troyes
36%
8 Clermont-foot
12%
15 Saint-Ettiene
8%
Aucun quiz correspondant
Distribution des résultats
% des personnes avec chaque résultat
Percentile par nombre de réponses
Votre historique - résultats
Vous n’avez pas pris ce quiz